| 000 | 00739nam a2200217 a 4500 | ||
|---|---|---|---|
| 001 | 49102 | ||
| 003 | BD-RjUL | ||
| 005 | 20211209054632.0 | ||
| 008 | 160817s1980 b ||||| |||| 00| 0 eng d | ||
| 035 | _a(BD-RjUL)49221 | ||
| 040 |
_aBD-RjUL _bben _cBD-RjUL |
||
| 041 | _aben | ||
| 082 |
_223 _a891.441 _bAZA 1980 |
||
| 100 | 1 |
_aআজাদ, আবিদ _9147665 |
|
| 245 | 1 | 0 |
_aআমার মন কেমন করে / _cআবিদ আজাদ. |
| 260 |
_aঢাকা : _bসে প্রকাশনীর পক্ষে আসলাম সানী, _c১৯৮০. |
||
| 300 |
_a৬৪ পৃ ; _c২২ সেমি |
||
| 650 |
_aবাংল কবিতা _9147692 |
||
| 650 |
_aBangali Poetry _9147693 |
||
| 942 |
_2ddc _cBK |
||
| 999 |
_c49102 _d49102 |
||